Podnikateľské riziká Praktikum

Salvato in:
Dettagli Bibliografici
Autore principale: Varcholová, Tatiana
Ente Autore: Ekonomická univerzita v Bratislave. Podnikovohospodárska fakulta so sídlom v Košiciach
Altri autori: Čunderlík, Dušan
Natura: Libro
Lingua:slovacco
Pubblicazione: Bratislava Ekonóm 1997
Edizione:1. vyd.
Soggetti:
Tags: Aggiungi Tag
Nessun Tag, puoi essere il primo ad aggiungerne!!

MARC

LEADER 00000nam a2200000 4500
001 c021519
005 20221214071530.5
020 |a 80-225-0912-4 
041 0 |a slo 
044 |a SK 
245 1 0 |a Podnikateľské riziká  |b Praktikum  |c Tatiana Varcholová, Dušan Čunderlík 
250 |a 1. vyd. 
264 1 |a Bratislava  |b Ekonóm  |c 1997 
300 |a 172 s. 
610 2 0 |a riziko podnikateľské 
610 2 0 |a rozhodovanie 
610 2 0 |a metódy štatistické 
610 2 0 |a programovanie 
610 2 0 |a programy počítačové 
100 1 |a Varcholová, Tatiana 
700 1 |a Čunderlík, Dušan 
710 2 |a Ekonomická univerzita v Bratislave. Podnikovohospodárska fakulta so sídlom v Košiciach